[Event "Barbera del Valles op-A 30th"]
[Site "Barbera del Valles"]
[Date "2007.07.10"]
[Round "5"]
[White "Penas Hernandez, Yolanda"]
[Black "Sanahuja Palomo, Alexandre"]
[Result "1-0"]
[WhiteElo "2034"]
[BlackElo "2029"]
[PlyCount "89"]
[EventDate "2007.07.06"]
[EventType "swiss"]
[EventRounds "9"]
[EventCountry "ESP"]
[SourceTitle "CBM 119 Extra"]
[Source "ChessBase"]
[SourceDate "2007.09.04"]
[SourceVersion "1"]
[SourceVersionDate "2007.09.04"]
[SourceQuality "1"]

1. e4 e5 2. Nf3 Nc6 3. Bb5 a6 4. Ba4 b5 5. Bb3 d6 6. d3 Be7 7. c3 Nf6 8. 0-0 0-0 9. Re1 Re8 10. Nbd2 Bf8 11. Ng5 Re7 12. Nf1 Bg4 13. Nf3 h6 14. h3 Be6 15. Bc2 g6 16. Nh4 Bg7 17. Qf3 Rd7 18. Be3 Nxe4 19. Nxg6 fxg6 20. Qxe4 Ne7 21. d4 Kh7 22. Ng3 Nf5 23. Qf3 Rf7 24. dxe5 Bxe5 25. Qe4 Nh4 26. f4 Bf5 27. Nxf5 gxf5 28. Qd5 Qg8 29. fxe5 dxe5 30. Re2 Rd8 31. Qb7 e4 32. Bb3 Nf3+ 33. Kf2 Ne5 34. Bxf7 Qxf7 35. Kg1 Qg7 36. Kh1 Qg3 37. Qxc7+ Rd7 38. Qb6 f4 39. Bf2 Qd3 40. Rae1 f3 41. Re3 fxg2+ 42. Kxg2 Rg7+ 43. Kh1 Qd7 44. Qd4 Qe6 45. Qxe4+ 1-0

[Event "Barbera del Valles op-A 30th"]
[Site "Barbera del Valles"]
[Date "2007.07.09"]
[Round "4"]
[White "Sanahuja Palomo, Alexandre"]
[Black "Subirachs Mancebo, Guillem"]
[Result "0-1"]
[WhiteElo "2029"]
[BlackElo "2019"]
[PlyCount "82"]
[EventDate "2007.07.06"]
[EventType "swiss"]
[EventRounds "9"]
[EventCountry "ESP"]
[SourceTitle "CBM 119 Extra"]
[Source "ChessBase"]
[SourceDate "2007.09.04"]
[SourceVersion "1"]
[SourceVersionDate "2007.09.04"]
[SourceQuality "1"]

1. e4 d5 2. exd5 Qxd5 3. Nc3 Qd6 4. d4 Nf6 5. Nf3 a6 6. Ne5 Nc6 7. Nxc6 Qxc6 8. Qd3 Bg4 9. d5 Qd7 10. Be3 Rd8 11. Qd4 Bh5 12. Bc4 c6 13. Qh4 h6 14. Bb6 Rc8 15. 0-0 cxd5 16. Bb3 Qf5 17. Ba4+ Nd7 18. f3 Rc4 19. Qxc4 dxc4 20. Rad1 e5 21. g4 Bxg4 22. fxg4 Qxg4+ 23. Kh1 f6 24. Rxd7 Qxd7 25. Rd1 Qxa4 26. Rd8+ Kf7 27. Nxa4 Rg8 28. Bc5 b5 29. Rxf8+ Rxf8 30. Bxf8 Kxf8 31. Nc5 Ke7 32. Nxa6 Kd6 33. Kg2 f5 34. c3 g5 35. Nb4 h5 36. Kf3 g4+ 37. Kg3 f4+ 38. Kh4 e4 39. Kxh5 g3 40. hxg3 fxg3 41. Nc2 g2 0-1

[Event "Fincas Mediterranea 2nd"]
[Site "Castelldefels"]
[Date "2005.08.18"]
[Round "2"]
[White "Sulava, Nenad"]
[Black "Sanahuja Palomo, Alexandre"]
[Result "1-0"]
[WhiteElo "2485"]
[BlackElo "2041"]
[PlyCount "81"]
[EventDate "2005.08.17"]
[EventType "swiss"]
[EventRounds "9"]
[EventCountry "ESP"]
[SourceTitle "CBM 107 Extra"]
[Source "ChessBase"]
[SourceDate "2005.09.01"]
[SourceVersion "1"]
[SourceVersionDate "2005.09.01"]
[SourceQuality "1"]

1. Nf3 Nf6 2. g3 g6 3. b3 Bg7 4. Bb2 0-0 5. Bg2 Nc6 6. 0-0 Re8 7. d4 d5 8. c4 Bf5 9. Nbd2 e6 10. Nh4 Ne4 11. cxd5 exd5 12. Nxf5 gxf5 13. e3 Qf6 14. Nf3 Re6 15. Rc1 Qh6 16. b4 a6 17. a4 b5 18. Qb3 Rd8 19. Rc2 Bf8 20. Ba3 Be7 21. Rfc1 Qg6 22. Bf1 h5 23. axb5 axb5 24. Bxb5 Na7 25. Bf1 h4 26. b5 hxg3 27. hxg3 Bg5 28. Re1 Kg7 29. Rxc7 Rh8 30. Bg2 Nc8 31. Qxd5 Nb6 32. Qb3 f4 33. exf4 Bxf4 34. gxf4 Nd2 35. Rxf7+ Kg8 36. Rxe6 Nxf3+ 37. Qxf3 Qb1+ 38. Bf1 Kxf7 39. Re7+ Kf6 40. Qc6+ Kf5 41. Qe6+ 1-0

[Event "Castellar op 13th"]
[Site "Castellar"]
[Date "2004.07.19"]
[Round "6"]
[White "Kononenko, Tatiana"]
[Black "Sanahuja Palomo, Alexandre"]
[Result "1-0"]
[WhiteElo "2361"]
[BlackElo "2054"]
[PlyCount "49"]
[EventDate "2004.07.14"]
[EventType "swiss"]
[EventRounds "9"]
[EventCountry "ESP"]
[SourceTitle "CBM 101 Extra"]
[Source "ChessBase"]
[SourceDate "2004.09.01"]
[SourceVersion "2"]
[SourceVersionDate "2004.09.01"]
[SourceQuality "1"]

1. d4 d5 2. c4 e5 3. cxd5 Qxd5 4. e3 Nc6 5. Nc3 Bb4 6. Bd2 Bxc3 7. bxc3 exd4 8. cxd4 Nf6 9. f3 0-0 10. Bd3 Nxd4 11. exd4 Qxd4 12. Bc2 b6 13. Ne2 Qh4+ 14. g3 Qh3 15. Nf4 Re8+ 16. Kf2 Qd7 17. Bc3 Qc6 18. Bxf6 Qxf6 19. Qd3 g6 20. Nd5 Qc6 21. Bb3 Qc5+ 22. Kg2 Bf5 23. Qd2 Re5 24. Rhe1 Rae8 25. Nf6+ 1-0

[Event "Castellar op 13th"]
[Site "Castellar"]
[Date "2004.07.18"]
[Round "5"]
[White "Sanahuja Palomo, Alexandre"]
[Black "Sanpera Bonet, Juan Carlos"]
[Result "0-1"]
[WhiteElo "2054"]
[BlackElo "2184"]
[PlyCount "88"]
[EventDate "2004.07.14"]
[EventType "swiss"]
[EventRounds "9"]
[EventCountry "ESP"]
[SourceTitle "CBM 101 Extra"]
[Source "ChessBase"]
[SourceDate "2004.09.01"]
[SourceVersion "2"]
[SourceVersionDate "2004.09.01"]
[SourceQuality "1"]

1. e4 d6 2. d4 g6 3. Nc3 Bg7 4. Bc4 a6 5. Bb3 Nc6 6. Be3 Na5 7. Nf3 Nf6 8. e5 Ng4 9. Bxf7+ Kxf7 10. Ng5+ Kg8 11. Qf3 Qf8 12. Qd5+ e6 13. Qxa5 b6 14. Qa4 dxe5 15. Qc6 exd4 16. Qxa8 dxe3 17. 0-0-0 exf2 18. Rhf1 h6 19. h3 Qf4+ 20. Kb1 Qxg5 21. hxg4 Kh7 22. Ne4 Qb5 23. c3 Bd7 24. Qb7 Bc6 25. Nf6+ Bxf6 26. Qxc7+ Bg7 27. Rxf2 Qa4 28. Rd4 Qb5 29. Rf7 Rg8 30. a4 Qc5 31. g5 h5 32. Rd6 Be4+ 33. Ka2 Qxc7 34. Rxc7 Bxg2 35. Rxb6 Re8 36. Rxa6 h4 37. Raa7 Rg8 38. b3 e5 39. Rc4 e4 40. Re7 h3 41. Rcxe4 Bxe4 42. Rxe4 Rh8 43. a5 h2 44. Rh4+ Kg8 0-1

[Event "Martorell op-A"]
[Site "Martorell"]
[Date "1997.??.??"]
[Round "2"]
[White "Gisbert Olive, M."]
[Black "Sanahuja Palomo, Alexandre"]
[Result "0-1"]
[WhiteElo "2020"]
[BlackElo "2105"]
[PlyCount "80"]
[EventDate "1997.09.??"]
[EventType "swiss"]
[EventRounds "9"]
[EventCountry "ESP"]
[SourceTitle "EXT 2003"]
[Source "ChessBase"]
[SourceDate "2002.11.25"]
[SourceVersion "1"]
[SourceVersionDate "2002.11.25"]
[SourceQuality "1"]

1. e4 e5 2. Nf3 Nc6 3. Bb5 a6 4. Ba4 Nf6 5. 0-0 Be7 6. Re1 b5 7. Bb3 0-0 8. a4 Rb8 9. axb5 axb5 10. d3 d6 11. h3 Re8 12. Nc3 Bf8 13. Bg5 h6 14. Bxf6 Qxf6 15. Nd5 Qd8 16. Ne3 g6 17. c3 Bg7 18. Nh2 b4 19. Bc4 bxc3 20. bxc3 Be6 21. Nd5 Ne7 22. Rb1 c6 23. Nxe7+ Qxe7 24. Qa4 d5 25. Rxb8 Rxb8 26. exd5 cxd5 27. Bb5 Qc5 28. c4 Kh7 29. Bd7 Rb2 30. Rf1 Bxd7 31. Qxd7 dxc4 32. dxc4 Qxc4 33. Ng4 Qc2 34. Qe7 Rb6 35. Nxe5 Rb1 36. Rxb1 Qxb1+ 37. Kh2 Qb8 38. f4 f6 39. Nd3 Qb5 40. Qd7 Qxd7 0-1